Fremdarbeiter, Displaced Persons, heimatlose Ausländer: Konstanten eines Randgruppenschicksals in Deutschland nach 1945
| Main Author: | |
|---|---|
| Format: | Print Book |
| Language: | German |
| Published: |
Münster
Lit
1997
|
| In: |
Zeitgeschichte, Zeitverständnis (1)
Year: 1997 |
| Online Access: |
Table of Contents Table of Contents |
| Check availability: | HBZ Gateway |
| Subito Delivery Service: | Order now. |
| Keywords: |
MARC
| LEADER | 00000cam a2200000 c 4500 | ||
|---|---|---|---|
| 001 | 224587528 | ||
| 003 | DE-627 | ||
| 005 | 20260206201558.0 | ||
| 007 | tu | ||
| 008 | 970219s1997 gw ||||| m 00| ||ger c | ||
| 015 | |a 97,N09,0193 |2 dnb | ||
| 015 | |a 97,A34,1484 |2 dnb | ||
| 016 | 7 | |a 949611670 |2 DE-101 | |
| 020 | |a 382583185X |c : DM 29.80 (kart.) |9 3-8258-3185-X | ||
| 035 | |a (DE-627)224587528 | ||
| 035 | |a (DE-603)054125170 | ||
| 035 | |a (DE-576)057535760 | ||
| 035 | |a (DE-599)DNB949611670 | ||
| 035 | |a (OCoLC)243854854 | ||
| 035 | |a (OCoLC)39927800 | ||
| 040 | |a DE-627 |b ger |c DE-627 |e rakwb | ||
| 041 | |a ger | ||
| 044 | |c XA-DE | ||
| 084 | |a 64 |2 sdnb | ||
| 084 | |a 64 |a 63 |2 sdnb | ||
| 084 | |a NQ 6120 |2 rvk |0 (DE-625)rvk/128697: | ||
| 084 | |a MS 3600 |2 rvk |0 (DE-625)rvk/123685: | ||
| 084 | |a MS 3550 |2 rvk |0 (DE-625)rvk/123684: | ||
| 084 | |a 15.38 |2 bkl | ||
| 100 | 1 | |a Pegel, Michael |4 aut | |
| 245 | 1 | 0 | |a Fremdarbeiter, Displaced Persons, heimatlose Ausländer |b Konstanten eines Randgruppenschicksals in Deutschland nach 1945 |c Michael Pegel |
| 264 | 1 | |a Münster |b Lit |c 1997 | |
| 300 | |a 148 S |c 21 cm | ||
| 336 | |a Text |b txt |2 rdacontent | ||
| 337 | |a ohne Hilfsmittel zu benutzen |b n |2 rdamedia | ||
| 338 | |a Band |b nc |2 rdacarrier | ||
| 490 | 1 | |a Zeitgeschichte - Zeitverständnis |v 1 | |
| 502 | |a Zugl: Münster, Univ., Magisterarbeit, 1995 | ||
| 505 | 8 | |a Literaturverz. S. 141 - 148 | |
| 583 | 1 | |a Archivierung/Langzeitarchivierung gewährleistet |f SLG |x XA-DE-BW |z BfZ |2 pdager |5 DE-24 | |
| 648 | 7 | |a Geschichte 1945-1955 |2 gnd | |
| 648 | 4 | |a Geschichte 1945-1955 | |
| 650 | 4 | |a Lebenssituation | |
| 655 | 7 | |a Hochschulschrift |0 (DE-588)4113937-9 |0 (DE-627)105825778 |0 (DE-576)209480580 |2 gnd-content | |
| 689 | 0 | 0 | |d g |0 (DE-588)4011889-7 |0 (DE-627)104732423 |0 (DE-576)208896201 |a Deutschland |g Bundesrepublik |2 gnd |
| 689 | 0 | 1 | |d s |0 (DE-588)4140482-8 |0 (DE-627)105627518 |0 (DE-576)209703172 |a Heimatloser Ausländer |2 gnd |
| 689 | 0 | 2 | |d s |0 (DE-588)4130642-9 |0 (DE-627)105701041 |0 (DE-576)209620706 |a Lebensbedingungen |2 gnd |
| 689 | 0 | 3 | |a z |2 gnd |a Geschichte 1945-1955 |
| 689 | 0 | |5 DE-101 | |
| 751 | |a Münster (Westf) |0 (DE-588)4040608-8 |0 (DE-627)818071567 |0 (DE-576)209041323 |4 uvp | ||
| 830 | 0 | |a Zeitgeschichte, Zeitverständnis |v 1 |9 100 |w (DE-627)245719539 |w (DE-576)05840953X |w (DE-600)1432831-8 |7 am | |
| 856 | 4 | 2 | |u https://swbplus.bsz-bw.de/bsz057535760inh.htm |m B:DE-576;DE-24 |q application/pdf |v 20081125112432 |x Verlag |3 Inhaltsverzeichnis |7 1 |
| 856 | 4 | 2 | |u http://scans.hebis.de/HEBCGI/show.pl?05412517_toc.pdf |m V:DE-576;B:DE-24 |q application/pdf |3 Inhaltsverzeichnis |7 1 |
| 889 | |w (DE-627)279517661 | ||
| 935 | |a mkri | ||
| 935 | |i Blocktest | ||
| 935 | |h HEB |i 0501 | ||
| 935 | |h HEB |i 0503 | ||
| 936 | r | v | |a NQ 6120 |b Flüchtlingsfragen |k Geschichte |k Geschichte seit 1918 |k Deutsche Geschichte seit 1945 |k Bundesrepublik Deutschland (bis 1990) |k Innenpolitik |k Flüchtlingsfragen |0 (DE-627)127087604X |0 (DE-625)rvk/128697: |0 (DE-576)20087604X |
| 936 | r | v | |a MS 3600 |b Emigranten, Immigranten, Geflüchtete |k Soziologie |k Spezielle Soziologien |k Soziologie der Minoritäten und Randgruppen |k Emigranten, Immigranten, Geflüchtete |0 (DE-627)1270927078 |0 (DE-625)rvk/123685: |0 (DE-576)200927078 |
| 936 | r | v | |a MS 3550 |b Ausländer, Arbeitsmigrant |k Soziologie |k Spezielle Soziologien |k Soziologie der Minoritäten und Randgruppen |k Ausländer, Arbeitsmigrant |0 (DE-627)1271086611 |0 (DE-625)rvk/123684: |0 (DE-576)201086611 |
| 936 | b | k | |a 15.38 |j Europäische Geschichte nach 1945 |q coli-conc RVK->BK |q https://coli-conc.gbv.de/api/mappings/ca5e71c2-ea45-4983-9498-0aae53095f57 |0 (DE-627)181569671 |
| 936 | s | n | |a n100 |2 mzub |
| 936 | s | n | |a m200 |2 mzub |
| 951 | |a BO | ||
| ELC | |b 1 | ||
| LOK | |0 000 xxxxxcx a22 zn 4500 | ||
| LOK | |0 001 3172753158 | ||
| LOK | |0 003 DE-627 | ||
| LOK | |0 004 224587528 | ||
| LOK | |0 005 19970430000000 | ||
| LOK | |0 008 970313||||||||||||||||ger||||||| | ||
| LOK | |0 040 |a DE-Frei85 |c DE-627 |d DE-Frei85 | ||
| LOK | |0 852 |a DE-Frei85 | ||
| LOK | |0 852 1 |m p |9 00 | ||
| LOK | |0 938 |k p | ||
| LOK | |0 939 |a 13-03-97 |b l01 | ||
| ORI | |a SA-MARC-krimdoka001.raw | ||
| TIM | |a 100019450101_100019551231 |b Geschichte 1945-1955 | ||
